Quiz do Azerbaijão - Statistics

Estatísticas Gerais
  • Esse quiz foi jogado 482 vezes
  • A pontuação média é 11 de 18
Estatísticas das Respostas
Dica Resposta % Correto
Países fronteiriços Rússia
94%
Países fronteiriços Geórgia
93%
Países fronteiriços Armênia
92%
Países fronteiriços Turquia
87%
Capital Baku
86%
País de onde o Azerbaijão ganhou sua independência em 1991 União Soviética
85%
Países fronteiriços Irão
77%
"Mar" onde a capital está localizada Mar Cáspio
75%
Ramo do Islã praticado por 89% da população Xiismo
66%
No começo do século XX, o Azerbaijão estava produzindo mais de 50% da oferta mundial de ... Petróleo
54%
Cordilheira no norte do país Cáucaso
52%
Esporte que é responsável por 22 das 42 medalhas olímpicas do Azerbaijão Luta
44%
Região no sudoeste do país que quer independência Artsaque
34%
O animal nacional é uma raça específica de ... Cavalo
33%
Jogador de xadrez, nascido no Azerbaijão, que foi o campeão mundial entre 1985 e 2000 Garry Kasparov
32%
O Azerbaijão tem 400 desses "vulcões", a maior quantidade de qualquer país (nota: estes não são vulcões reais) Vulcão de {Lama}
19%
Exclave do Azerbaijão 25km ao leste do país Naquichevão
17%
Segunda maior cidade Ganja
16%
Nenhum quiz correspondente encontrado
Distribuição das Pontuações
Porcentagem de Pessoas com Cada Pontuação
Percentil de Números Respondidos
Sua Pontuação Histórica
Você não jogou esse quiz